000 00385nam a2200145Ia 4500
008 220204s9999 xx 000 0 und d
082 _a663.1
_bPEP.1
100 _aPepper, H J
245 0 _aMicrobial technology. V 1. Microbial processes
260 _aNew York
_bAcademic
_c1979
650 _aFermentation
650 _aIndustrial microbiology
700 _aPerlman, D
942 _cBK
999 _c34417
_d34417